| 000 | 00365nam a2200133 a 4500 | ||
|---|---|---|---|
| 005 | 20140414131917.0 | ||
| 008 | 101020s19uu xx 00 eng d | ||
| 050 |
_aER _bJ12 2006 |
||
| 100 | _aHeath, Jennifer | ||
| 245 | _aJack and the beanstalk. | ||
| 260 |
_bNew Editions English Language Teaching, _c2006. |
||
| 440 | _aPrimary classic readers | ||
| 999 |
_c111553 _d111553 |
||